Statistics for Skyrim Lore

Click here to take the quiz!

General Stats

  • This quiz has been taken 145 times
    (124 since last reset)
  • The average score is 12 of 15

Answer Stats

QuestionAnswer% Correct
What are people called that can absorb the souls of dragons?Dragonborn
99%
What are the largest vampire hunters in Skyrim?The Dawnguard
97%
Who killed the High king?Ulfric
96%
What was used to defeat Alduin for the first time?Elder Scroll(Dragon)
94%
What can seasoned Companions do?Become a Werewolf
93%
What is the Capital of Skyrim?Solitude
88%
What race vanished?Dwemmer
82%
Where is Markarth?The Reach
81%
Who is the leader of the greybeards?Paarthunax
79%
Who governed the people of Skyrim while the Dragons ruled?Dragon Priests
78%
Who is the dragon in the Soul Carin?Durneviir
70%
What shout can tame a dragon?Bend Will
63%
What race did the original 500 companions genocide?Snow elvs
63%
Who is the Dragon in Blackreach?Vulthuryol
61%
Who defeated Miraak the first time?Vahlok the Jailer
25%

Score Distribution

Percentile by Number Answered

Percent of People with Each Score

Your Score History

You have not taken this quiz since the last reset